000 01067 a2200481 4500
000 BKB
001 138136
005 20200902153410.0
008
010 _a
020 _a9780821395530
082 _a338.195492
_bK52S
100 1 _aKhandkar, Shahidar R.
110 _a
245 1 _aSeasonal Hunger and public policies : evidence from northwest
_cby Shahidar R. Khandkar and Wahiduddin Mahmud
250 _a
260 _aWashington
_bThe World Bank
_c2012
300 _a191p.
490 _a
_v
500 _a
600 _a
610 _a
611 _a
630 _aPPLG
650 _a
651 _a
654 _a
690 _aNutrition policy--Planning
690 _aBangladesh
690 _aFood supply--Seasonal variations
690 _aHunger
700 _aMahmud, Wahiduddin
_b
_c
710 _a
_b
_c
711 _a
720 _a
730 _a
740 _a
752 _a
856 _a
_d
_f
904 _a
964 _a
_b
_c
_d
_e
_f
_g
965 _a
999 _c11020
_d11020